Marketingová stratégia a jej miesto v riadení vo firme CONTIMART Komárno, s.r.o. : Bakalárska práca

Salvato in:
Dettagli Bibliografici
Autori principali: Sakál, Peter, 1951- (xxx), Tóthová, Diana (Autore)
Natura: Manoscritto Libro
Lingua:slovacco
Pubblicazione: Trnava : STU v Bratislave MtF KPIM, 2003
Soggetti:
Tags: Aggiungi Tag
Nessun Tag, puoi essere il primo ad aggiungerne!!

MARC

LEADER 00000ntm a22000003a 4500
001 stu84005
005 20160719154846.7
008 040213s2003----xo------------------slo-d
040 |a STU  |b slo 
041 0 |a slo 
044 |a xo 
100 1 |a Sakál, Peter,  |d 1951-  |4 xxx  |u M4000  |U MTF Materiálovotechnologická fakulta  |T MTF Ústav priemyselného inžinierstva a manažmentu  |X 325  |U M4000  |Y 84  |7 A000000325 
245 1 |a Marketingová stratégia a jej miesto v riadení vo firme CONTIMART Komárno, s.r.o. :  |b Bakalárska práca 
260 |a Trnava :  |b STU v Bratislave MtF KPIM,  |c 2003 
300 |a 61 s  |c príl. 
650 7 |a stratégia marketingová  |2 stusub 
650 7 |a manažment priemyselných podnikov  |2 stusub 
700 1 |a Tóthová, Diana  |4 aut 
996 |b 284M054951  |c M*BP-351  |l MMSKP  |s P  |a 0  |w stu84005_0001